000 002730000a22000970004500
100 1 _aTorres Gómez, Gustavo
245 1 0 _aLa rotación de pastores hechas realidad
300 _aVol.17, núm.17 (Junio, 2005), Página 26
773 0 _tLa Voz Luterana de Colombia
942 _cANA
999 _c60548
_d60548